World Cup of Darts - zawodnicy cz. 1 - Statystyki

Ogólne statystyki
  • Ten quiz został rozwiązany 51 razy
  • Średni wynik to 4 z 20
Statystyki odpowiedzi
Kraj Lata występu Odpowiedź % Poprawnych
Anglia 2012-2017 Adrian Lewis
85%
Polska 2015, 2017-2019 Tytus Kanik
55%
Holandia 2021-2022 Dirk van Duijvenbode
36%
Polska 2014 Krzysztof Chmielewski i Krzysztof Stróżyk
36%
Chorwacja 2012, 2021 Boris Krčmar
34%
Nowa Zelandia 2019-2020 Haupai Puha
26%
Łotwa 2017, 2022 Nauris Gleglu
21%
Indie 2014-2015 Nitin Kumar
21%
Austria 2018-2019 Zoran Lerchbacher
19%
Gibraltar 2010, 2012-2019 Dyson Parody
13%
Holandia 2012 Vincent van der Voort
9%
Rosja 2014, 2021 Evgenii Izotov
4%
USA 2019-2021 Chuck Puleo
2%
Chiny 2016-2017, 2019 Yuanjun Liu
2%
Tajlandia 2015-2018 Attapol Eupakare
0%
Włochy 2013-2017, 2020 Daniele Petri
0%
RPA 2014-2016 Graham Filby
0%
Finlandia 2010, 2013-2014 Jarkko Komula
0%
Węgry 2012-2016, 2018 Nándor Bezzeg
0%
Czechy 2010, 2016 Pavel Drtíl
0%
Nie znaleziono quizów pasujących do podanych kryteriów
Rozkład punktacji
Procent ludzi z każdym wynikiem
Percentyl według liczby udzielonych odpowiedzi
Twoja historia wyników
Nie rozwiązałeś tego quizu